<?xml version="1.0" encoding="UTF-8"?>
<record
    xmlns:xsi="http://www.w3.org/2001/XMLSchema-instance"
    xsi:schemaLocation="http://www.loc.gov/MARC21/slim http://www.loc.gov/standards/marcxml/schema/MARC21slim.xsd"
    xmlns="http://www.loc.gov/MARC21/slim">

  <leader>02779nam a2200277   4500</leader>
  <controlfield tag="001">ESSALUD</controlfield>
  <controlfield tag="005">20260701102548.0</controlfield>
  <controlfield tag="007">ta</controlfield>
  <controlfield tag="008">      t        pe ||||| |||| 00| 0 spa d</controlfield>
  <datafield tag="040" ind1=" " ind2=" ">
    <subfield code="a">BMG</subfield>
  </datafield>
  <datafield tag="041" ind1=" " ind2=" ">
    <subfield code="a">spa</subfield>
  </datafield>
  <datafield tag="100" ind1=" " ind2=" ">
    <subfield code="a">Valderrama Chevarr&#xED;a, Jos&#xE9; Guillermo </subfield>
    <subfield code="e">Autor</subfield>
    <subfield code="9">47323</subfield>
  </datafield>
  <datafield tag="245" ind1=" " ind2=" ">
    <subfield code="a">&#xBF;Es v&#xE1;lido y obligatorio que el notario solicite la obtenci&#xF3;n del certificado m&#xE9;dico para la formalizaci&#xF3;n de actos y contratos?</subfield>
    <subfield code="b">Cuando el Derecho M&#xE9;dico y el Derecho Civil se unen y brindan una adecuada e id&#xF3;nea respuesta</subfield>
  </datafield>
  <datafield tag="246" ind1=" " ind2=" ">
    <subfield code="a">Is it valid and mandatory for a notary public to require a medical certificate for the execution of legal acts and contracts?</subfield>
    <subfield code="b">When Medical Law and Civil Law converge to provide a proper and suitable response</subfield>
  </datafield>
  <datafield tag="300" ind1=" " ind2=" ">
    <subfield code="a">p&#xE1;ginas 219-228</subfield>
  </datafield>
  <datafield tag="520" ind1=" " ind2=" ">
    <subfield code="a">Actualmente, cuando una persona adulto mayor se apersona a una notar&#xED;a, en muchas ocasiones no pude concluir, ni iniciar el acto y/o contrato que contiene la transmisi&#xF3;n de sus derechos patrimoniales, por requer&#xED;rsele la obtenci&#xF3;n y tramitaci&#xF3;n del certificado m&#xE9;dico de salud mental. El autor se pregunta si es v&#xE1;lida esta exigencia. As&#xED;, refiere que, al momento de solicitar el certificado m&#xE9;dico, el notario no restringe el derecho de libre contrataci&#xF3;n, sino que m&#xE1;s bien resguarda dicha voluntad, con un recaudo t&#xE9;cnico que acredita que la persona solicitante ejerce su manifestaci&#xF3;n de voluntad plena y sin restricciones en resguardo de la fe p&#xFA;blica. Por ello, considera que es v&#xE1;lida la exigencia del mencionado certificado m&#xE9;dico.</subfield>
  </datafield>
  <datafield tag="520" ind1=" " ind2=" ">
    <subfield code="a">Currently, when an elderly person appears before a notary, they are frequently unable to initiate or conclude acts and/or contracts involving the transfer of property rights due to the requirement to obtain a mental health certificate. The author questions the validity of this mandate. He posits that by requesting this medical certificate, the notary does not infringe upon the freedom of contract, but rather safeguards the declarant's intent through a technical document. This document verifies that the applicant is exercising their manifestation of willfully and without restriction, thereby upholding public trust (fides publica). Consequently, the author maintains that the requirement for said medical certificate is legally valid.</subfield>
  </datafield>
  <datafield tag="650" ind1=" " ind2=" ">
    <subfield code="a">CERTIFICADO M&#xC9;DICO DE SALUD MENTAL</subfield>
    <subfield code="9">52985</subfield>
  </datafield>
  <datafield tag="650" ind1=" " ind2=" ">
    <subfield code="a">ADULTOS MAYORES</subfield>
    <subfield code="9">32727</subfield>
  </datafield>
  <datafield tag="650" ind1=" " ind2=" ">
    <subfield code="a">FE P&#xDA;BLICA NOTARIAL</subfield>
    <subfield code="9">52986</subfield>
  </datafield>
  <datafield tag="650" ind1=" " ind2=" ">
    <subfield code="a">OLDER ADULTS</subfield>
    <subfield code="9">53034</subfield>
  </datafield>
  <datafield tag="650" ind1=" " ind2=" ">
    <subfield code="a">MEDICAL CERTIFICATE OF MENTOL HEALTH</subfield>
    <subfield code="9">53035</subfield>
  </datafield>
  <datafield tag="650" ind1=" " ind2=" ">
    <subfield code="a">NOTORIAL PUBLIC TRUST</subfield>
    <subfield code="9">52989</subfield>
  </datafield>
  <datafield tag="773" ind1="0" ind2=" ">
    <subfield code="0">22573</subfield>
    <subfield code="9">22620</subfield>
    <subfield code="d">Lima Grupo Praxis Formaci&#xF3;n Profesional, 2026-</subfield>
    <subfield code="o">PRA001</subfield>
    <subfield code="t">Praxis Civil &amp; Procesal Civil</subfield>
    <subfield code="w">ESSALUD</subfield>
    <subfield code="x">3119-7671</subfield>
  </datafield>
  <datafield tag="942" ind1=" " ind2=" ">
    <subfield code="c">ARTICULOS</subfield>
    <subfield code="e">2026-06-30</subfield>
    <subfield code="z">sqb</subfield>
  </datafield>
  <datafield tag="999" ind1=" " ind2=" ">
    <subfield code="c">22583</subfield>
    <subfield code="d">22583</subfield>
  </datafield>
</record>
